Cuma Aku, Lukaku, dan Tuhanku : (Record no. 204686)

MARC details
000 -LEADER
fixed length control field 01203nam a2200313 i 4500
005 - DATE AND TIME OF LATEST TRANSACTION
control field 20260625121049.0
008 - FIXED-LENGTH DATA ELEMENTS--GENERAL INFORMATION
fixed length control field 260625s2024 my gr 000 0 may d
020 ## - INTERNATIONAL STANDARD BOOK NUMBER
International Standard Book Number 9786299919209
Terms of availability RM49.00
Qualifying information paperback
040 ## - CATALOGING SOURCE
Original cataloging agency PPAK
Language of cataloging eng
Transcribing agency PPAK
Description conventions rda
082 04 - DEWEY DECIMAL CLASSIFICATION NUMBER
Edition number 23
Classification number 297.1226
090 00 - LOCALLY ASSIGNED LC-TYPE CALL NUMBER (OCLC); LOCAL CALL NUMBER (RLIN)
Classification number (OCLC) (R) ; Classification number, CALL (RLIN) (NR) 297.1226
Feature heading HAF
Feature heading G
100 0# - MAIN ENTRY--PERSONAL NAME
Personal name Hafizul Faiz,
Relator term author.
245 10 - TITLE STATEMENT
Title Cuma Aku, Lukaku, dan Tuhanku :
Remainder of title Catatan Refleksi 30 Juzuk al-Quran /
Statement of responsibility, etc. Hafizul Faiz ; Editor: Wahyuni Busyra
246 33 - VARYING FORM OF TITLE
Title proper/short title Cuma aku, lukaku, dan Tuhanku :
Remainder of title catatan refleksi tiga puluh juzuk al-Quran
264 #1 - PRODUCTION, PUBLICATION, DISTRIBUTION, MANUFACTURE, AND COPYRIGHT NOTICE
Place of production, publication, distribution, manufacture Kajang, Selangor :
Name of producer, publisher, distributor, manufacturer Tentang Kita Sdn Bhd,
Date of production, publication, distribution, manufacture, or copyright notice [2024?]
300 ## - PHYSICAL DESCRIPTION
Extent iv, 250 pages ;
Dimensions 19 cm
336 ## - CONTENT TYPE
Content type term text
Source rdacontent
337 ## - MEDIA TYPE
Media type term unmediated
Source rdamedia
338 ## - CARRIER TYPE
Carrier type term volume
Source rdacarrier
500 ## - GENERAL NOTE
General note Contains verses from the Qur'an and quotes from the Hadith.
586 ## - AWARDS NOTE
Awards note Winner of Anugerah Buku MPH 2024 - 'Paling Laris'.
630 00 - SUBJECT ADDED ENTRY--UNIFORM TITLE
Uniform title Qurʼan
General subdivision Criticism, interpretation, etc.
Uniform title Qurʼan
General subdivision Translating.
650 10 - SUBJECT ADDED ENTRY--TOPICAL TERM
Topical term or geographic name entry element Religious life
General subdivision Islam.
Topical term or geographic name entry element Muslims
General subdivision Conduct of life.
Topical term or geographic name entry element Qurʼan stories.
700 0# - ADDED ENTRY--PERSONAL NAME
Personal name Wahyuni Busyra,
Relator term editor.
942 ## - ADDED ENTRY ELEMENTS (KOHA)
Source of classification or shelving scheme Dewey Decimal Classification
Koha item type Book

No items available.